| 000 | 01169nam a2200385 a 4500 | ||
|---|---|---|---|
| 001 | 20473 | ||
| 003 | VRT | ||
| 005 | 20260122144827.0 | ||
| 008 | 961209q1995 xo p 000 0 slo c | ||
| 020 | _a8088834295 (brož.) | ||
| 035 | _aUKB000210386 | ||
| 040 |
_aBAA001 _bslo _cBAA001 _eAACR2 |
||
| 041 | 1 | _aslo | |
| 044 |
_axo _cSK |
||
| 080 | _a885.4-83 | ||
| 100 | 1 |
_aBernolák, Anton _d1762-1813 |
|
| 243 | 1 | 0 | _aSlovenský klasicizmus |
| 245 | 0 | 0 |
_aSpory a polemiky _bvýber zo spisov _cAnton Bernolák, Juraj Fándly |
| 260 |
_aRohovce _bInterpopulart Slovakia _c[1995] |
||
| 300 | _a81 s | ||
| 490 | 1 |
_aPopulart. Študentská knižnica _v30 |
|
| 500 | _aSlovenský klasicizmus | ||
| 504 | _aBibliogr. s. 80 | ||
| 650 | 0 | 7 | _aliteratúra slovenská klasicistická |
| 650 | 0 | 7 | _apolemiky |
| 653 | _a885.4-83 | ||
| 700 | 1 |
_aFándly, Juraj, _d1750-1811 _4aut |
|
| 760 | 1 | _tPopulart. Študentská knižnica | |
| 830 | 0 |
_aPopulart. Študentská knižnica _v30 |
|
| 910 | _aukb | ||
| 942 |
_2ddc _cKLDO _n0 |
||
| 949 |
_61800009258 _a30.D.66682 _bPV.5679-96 |
||
| 949 |
_61800009257 _aSL.D.24705 _bPV.5680-96 |
||
| 949 |
_61800065040 _a30.D.66682 _bNA.240-99 |
||
| 999 |
_c20473 _d20473 |
||